| 000 | 01113cam a2200325 a 4500 | ||
|---|---|---|---|
| 001 | 000013874 | ||
| 003 | DO-SdBNP | ||
| 005 | 20240909140732.0 | ||
| 008 | 770915s1977 sp b 001 0 spa | ||
| 040 |
_aDO-SdBNP _bspa _cBNPHU _erda |
||
| 049 | _aBNGR | ||
| 082 | 4 |
_a341 _bT874, 1970 _222 |
|
| 100 | 1 |
_aTruyol Serra, Antonio. _d1913-2003 _931424 |
|
| 245 | 1 | 0 |
_aFundamentos de derecho internacional público / _cAntonio Truyol y Serra. |
| 250 | _a3a ed. refundida y aumentada. | ||
| 260 |
_aMadrid : _bTecnos, _c1977. |
||
| 300 |
_axv, 270 p. ; _c23 cm. |
||
| 490 | 1 | _aRelaciones internacionales | |
| 490 | 1 | _aSemilla y surco | |
| 490 | 1 | _aCiencias sociales | |
| 500 | _aIncluye índice. | ||
| 504 | _aIncluye referencias bibliográficas (p. [227] -269.) | ||
| 650 | 7 |
_aDerecho internacional público _99388 _2LEMB |
|
| 650 | 7 |
_aDerecho internacional _93258 _2LEMB |
|
| 650 | 7 |
_aPolítica internacional _92879 _2LEMB |
|
| 830 | 0 |
_aRelaciones internacionales ; _931425 |
|
| 830 | 0 |
_aSemilla y surco ; _931426 |
|
| 910 | _aCatalogación derivada/Validado. Control de calidad MFF | ||
| 942 |
_2ddc _cLBS1 |
||
| 999 |
_c13480 _d13480 |
||